LEADER 01024nam0-22003611i-450- 001 990003869160403321 005 20080123161102.0 010 $a0-85224-465-7 035 $a000386916 035 $aFED01000386916 035 $a(Aleph)000386916FED01 035 $a000386916 100 $a20030910d--------km-y0itay50------ba 101 0 $aita 102 $aIT 200 1 $aIndustry, Policy and the Scottish Economy$fedited by Neil Hood and Stephen Young. 210 $aEdinburgh$cEdinburgh University Press$d1984. 215 $axvi, 421 p.$d24 cm 225 1 $aScottish Industrial Policy Series$v2 610 0 $aPolitica industriale 610 0 $aProdotti industriali 676 $aF/1.402 676 $aH/2.14 676 $aH/2.21 702 1$aHood,$bNeil 702 1$aYoung,$bStephen 801 0$aIT$bUNINA$gRICA$2UNIMARC 901 $aBK 912 $a990003869160403321 952 $aH/2.14 IND/84$b1764$fSES 959 $aSES 996 $aIndustry, Policy and the Scottish Economy$9514152 997 $aUNINA LEADER 01133nam0-22003731i-450- 001 990007897900403321 005 20110725122823.0 010 $a88-238-0727-1 035 $a000789790 035 $aFED01000789790 035 $a(Aleph)000789790FED01 035 $a000789790 100 $a20040621d2002----km-y0itay50------ba 101 0 $aita 102 $aIT 105 $ay---n---001yy 200 1 $aAmministrazione e controllo nell'impresa agricola$emisurazione economica, valutazione e controllo della gestione$fMarco Agliati 210 $aMilano$cEGEA$d2002 215 $aVII, 201 p.$d24 cm 225 1 $aBiblioteca dell'economia d'azienda 610 0 $aAziende agrarie - Gestione finanziaria 676 $a630.681$v11$zita 700 1$aAgliati,$bMarco$0115224 801 0$aIT$bUNINA$gRICA$2UNIMARC 901 $aBK 912 $a990007897900403321 952 $aSCUOLA F 67$b573$fDDA 952 $aSE117.03.02-$b4391D$fDECSE 952 $a60 630.681 B 2$b13201$fFAGBC 959 $aDECSE 959 $aDDA 959 $aFAGBC 996 $aAmministrazione e controllo nell'impresa agricola$9667831 997 $aUNINA